Sample Question Paper XII (Record no. 7043)
[ view plain ]
| 000 -LEADER | |
|---|---|
| fixed length control field | 00202nam a22000857a 4500 |
| 008 - FIXED-LENGTH DATA ELEMENTS--GENERAL INFORMATION | |
| fixed length control field | 170623b xxu||||| |||| 00| 0 eng d |
| 100 ## - MAIN ENTRY--PERSONAL NAME | |
| 9 (RLIN) | 3648 |
| Personal name | CBSE |
| 245 ## - TITLE STATEMENT | |
| Title | Sample Question Paper XII |
| 260 ## - PUBLICATION, DISTRIBUTION, ETC. (IMPRINT) | |
| Name of publisher, distributor, etc. | CBSE |
| Date of publication, distribution, etc. | 2008 |
| Withdrawn status | Lost status | Source of classification or shelving scheme | Damaged status | Koha normalized classification for sorting | Not for loan | Home library | Current library | Shelving location | Date acquired | Total Checkouts | Full call number | Barcode | Date last seen | Price effective from | Koha item type |
|---|---|---|---|---|---|---|---|---|---|---|---|---|---|---|---|
| Dewey Decimal Classification | 373_000000000000000 | Good Samaritan School Library | Good Samaritan School Library | GENERAL | 06/23/2017 | 373 | CBS7626 | 06/23/2017 | 06/23/2017 | BOOK | |||||
| Dewey Decimal Classification | 373_000000000000000 | Good Samaritan School Library | Good Samaritan School Library | GENERAL | 06/23/2017 | 373 | CBS7627 | 06/23/2017 | 06/23/2017 | BOOK |